000 00286nam a2200121Ia 4500
008 191201s2000 xx 000 0 und d
100 _aGUPTA, Sen
245 0 _aWeaving Calculations
260 _aN.Delhi
_bTarapare vala
_c2000
300 _a346
650 _aB.Tech(TE)
942 _2ddc
_cBK
999 _c3422
_d3422